Top 10 most Mountainous Countries - Statistics

General Stats
  • This quiz has been taken 58 times
  • The average score is 6 of 10
Answer Stats
Hint Answer % Correct
#2 Nepal
90%
#1 Bhutan
84%
#7 Chile
72%
#4 Kyrgyzstan
62%
#3 Tajikistan
58%
#8 China
54%
#6 Andorra
40%
#9 Armenia
36%
#5 Lesotho
36%
#10 Rwanda
24%
No matching quizzes found
Score Distribution
Percent of People with Each Score
Percentile by Number Answered
Your Score History
You have not taken this quiz